| 000 | 00770nam a2200253 4500 | ||
|---|---|---|---|
| 001 | 122153 | ||
| 003 | ES-MaACL | ||
| 005 | 20230914150115.0 | ||
| 007 | t| | ||
| 008 | 070214s1976 mx r ||||1| spa d | ||
| 020 | _a84-375-0059-1 | ||
| 100 | 1 |
_aPouchepadass, Jacques. _993422 |
|
| 245 | 1 | 3 |
_aLa India del siglo XX / _cJacques Pouchepadass ; traducción de Aurelio Garzón del Camino. |
| 250 | _a1ª. ed. | ||
| 260 |
_aMéxico : _bFondo de Cultura Económica, _c1976. |
||
| 300 |
_a246 p. ; _c17 cm. |
||
| 490 | 1 |
_aBreviarios ; _v267 |
|
| 700 | 1 |
_aGarzón del Camino, Aurelio. _955821 |
|
| 830 | 0 |
_aBreviarios ; _v267 _9186377 |
|
| 852 |
_aES-MaACL _jA-6232 _bR.95121 |
||
| 852 |
_aES-MaACL _jL-8394 _bR.109013 |
||
| 942 | _2udc | ||
| 999 |
_c122153 _d122153 |
||